000
00307nam a22001217a 4500
082
_a
510
_b
DEP/M
100
_a
DEPT OF EDUCATION, GOVT OF KERALA
245
_a
ENGINEERING ENTRANCE TOP WINNER MATHEMATICS
260
_a
TRIVANDRUM
_b
SIET KERALA
300
_b
ENGLISH VCD
650
_a
MATHS
_z
KERALA
942
_c
VM
999
_c
8014
_d
8014